Manet /
Guardado en:
| Autor Principal: | |
|---|---|
| Formato: | Libro |
| Publicado: |
España :
Sarpe,
1979
|
| Series: | Los genios de la pintura
|
| Materias: | |
| Etiquetas: |
Agregar Etiqueta
Sin Etiquetas, Sea el primero en etiquetar este registro!
|
| LEADER | 00466nam a22001815a 4500 | ||
|---|---|---|---|
| 001 | CEM.cems007369 | ||
| 005 | 20060214000000.0 | ||
| 008 | 130507s1979##################000#0#####d | ||
| 003 | CEMS | ||
| 082 | 0 | 4 | |a 759.4 |
| 100 | 1 | |a Fonti, Daniela | |
| 245 | 1 | 0 | |a Manet / |
| 260 | |a España : |b Sarpe, |c 1979 | ||
| 300 | |a 29 p. | ||
| 490 | 0 | |a Los genios de la pintura | |
| 653 | |a Pintura | ||
| 653 | |a Pintura francesa | ||
| 859 | |a CEMS |b BIB. CEMS - 11 de abril |h 759.4 |i F738/3 |p 17216.93 |t Ej.1 | ||
